000 00598nam a22001697a 4500
082 _a005
100 _aAbbas, Sayyed Shozib ; Shafiq, Fizza ; Mehmood, Raja Sajjad
245 _aAliud Internet Solution /
_cSayyed Shozib Abbas ; Fizza Shafiq ; Raja Sajjad Mehmood
260 _aIslamabad :
_bSEECS - NUST,
_c2018.
300 _a41 p. ;
_c30cm.
563 _aHBK
650 _aComputer Science-Project Report
700 _aDr. Arsalan Ahmed
_916356
856 _uhttp://10.250.8.41:8080/xmlui/handle/123456789/19095
942 _2ddc
_cPR
999 _c536142
_d536142